000 00461nam a2200181Ia 4500
008 131103s9999 xx 000 0 und d
020 _a439286026
040 _aLoreto College
041 _aEnglish
082 _aREF/18
_bLCBED/14160
100 _aDowswell, Paul
245 _aExtraordinary wild weather
_cPaul Dowswell
260 _aNew York
_bScholastic
_c2001
300 _a32p.
_b pic.
_c 24cm.
650 _aREF
850 _aLCBED/REF/18
942 _cBK
999 _c35865
_d86344